Starowieyscy herbu Biberstein
| Titel: | Starowieyscy herbu Biberstein : (monografia rodziny) / Stanisław Gawlik |
|---|---|
| Verfasser: | |
| Veröffentlicht: | [Krosno] : Krośnieńska Oficyna Wydawnicza, [2012] |
| Umfang: | 373, [6] S. : Ill., graph. Darst. |
| Format: | Buch |
| Sprache: | Polnisch |
| RVK-Notation: |
·
·
|
| ISBN: | 8362843845 ; 9788362843848 |
| Hinweise zum Inhalt: |
Inhaltsverzeichnis
|
alg: 33311794 001A $03004:01-11-13 001B $01999:10-05-25 $t18:11:49.000 001C $00026:25-07-17 $t08:41:09.000 001D $03004:08-01-14 001U $0utf8 001X $00 002@ $0Aau 003@ $0333117948 003O $0871801482 $aOCoLC 004A $083-62843-84-5 004A $A978-83-62843-84-8 006L $0BV040486064 $2BVB 007A $0BV040486064 $aBVB 007G $0DE020FF14E39204B64599C1257C6A0035E08F 009P $qapplication/pdf $A2 $3Inhaltsverzeichnis $uhttp://scans.hebis.de/HEBCGI/show.pl?33311794_toc.pdf $mV:DE-603;B:DE-Mb50 010@ $apol 011@ $a2012 $n[2012] 021A $aStarowieyscy herbu Biberstein $d(monografia rodziny) $hStanisław Gawlik 028A $7 $8Gawlik, Stanisław [Tnd] $9138671389 033A $p[Krosno] $nKrośnieńska Oficyna Wydawnicza 034D $a373, [6] S. 034M $aIll., graph. Darst. 044K $#Starowieyscy$71060472740 $8$PStarowieyski$lFamilie [Tp1] $9349371202 044K $RPolen-Litauen $RKongresspolen $RWestgalizien $RStaat Krakau $#Generalgouvernement Polen $#Polska $#Rzeczpospolita Polska $#Polska Rzeczpospolita Ludowa $#Poland $#Pologne $#République Polonaise $#Generalne Gubernatorstwo w Polsce $#Polish People's Republic $#Polska Rzeczpospolita Polen $#PRL $#RP $#Polen Generalgouvernement $#Polska Generalgouvernement $#Besetzte Polnische Gebiete $#Besetztes Gebiet in Polen $#Okupowane Polskie Obszary $#Obszary Okupowane w Polsce $#Volksrepublik Polen $#Polska Rosyjska $#Republic Polen $#Respublika Pol'ša $#Pol'skaja Narodnaja Respublika $#République de Pologne $#Polen Links der Weichsel $#Polska po Lewej Stronie Wisły $#Lenkija $#Polija $#Gubernija Carstva Pol'skago $#Republik Polen $74046496-9 $8Polen [Tg1] $9085129801 044K $ROberschicht $RWeiblicher Adel $RAristokratie $#Nobility $#Noblesse $#Nobiltà $#Nobleza $#Adel $#Adel $#Junker $#Junkertum $#Adliger $#Adeliger $#Adlige $#Uradel $74000464-8 $8Adel [Ts1] $9084991682 045F $a306.09438 $eDDC23BSB 045F/01 $a306.09 045F/03 $g438 045R $aGeschichte 045Z $8NK 2465 [Tkv] $9410888532 045Z $8NW 7100 [Tkv] $9410952796 045Z $8ND 7480 [Tkv] $9410858552 046M $aLiteraturverz. S. 351 - 357 lok: 33311794 24 exp: 33311794 24 1 #EPN 201B/01 $016-01-14 $t10:53:17.000 201C/01 $001-11-13 201U/01 $0utf8 203@/01 $0722465939 208@/01 $a08-01-14 $bz 209A/01 $a13.10732 $du $f050 $h13 10732 $x00 209C/01 $a13.10732 K $h13 10732 K 209G/01 $a73371961 $x00 220C/01 $awal 244Z/01 $#Bibersztein $#Bibersztajn $#Bieberstein $71031902422 $8--Tp1--$PBiberstein$lFamilie, Polen$Zab 11. Jh. $x01 $9318544539 247C/01 $8358050-7 Marburg, Bibliothek des Herder-Instituts Marburg $9102600961 lok: 33311794 78 exp: 33311794 78 1 #EPN 201B/01 $012-11-25 $t15:19:20.000 201C/01 $012-11-25 201U/01 $0utf8 203@/01 $01322477388 208@/01 $a12-11-25 $be 209A/01 $a/ $f000 $x00 209A/01 $ab*p $x01 220C/01 $apgar 244Z/01 $#Generalgouvernement Polen $#Polska $#Rzeczpospolita Polska $#Polska Rzeczpospolita Ludowa $#Poland $#Pologne $#République Polonaise $#Generalne Gubernatorstwo w Polsce $#Polish People's Republic $#Polska Rzeczpospolita Polen $#PRL $#RP $#Polen Generalgouvernement $#Polska Generalgouvernement $#Besetzte Polnische Gebiete $#Besetztes Gebiet in Polen $#Okupowane Polskie Obszary $#Obszary Okupowane w Polsce $#Volksrepublik Polen $#Polska Rosyjska $#Republic Polen $#Respublika Pol'ša $#Pol'skaja Narodnaja Respublika $#République de Pologne $#Polen Links der Weichsel $#Polska po Lewej Stronie Wisły $#Lenkija $#Polija $#Gubernija Carstva Pol'skago $#Republik Polen $74046496-9 $8--Tg1--Polen $x01 $9085129801 244Z/01 $#Schlesien $#Schlesien $#Herzogtum Schlesien $#Herzogtum Schlesien Schlesien $#Provinz Schlesien $#Śla̜sk $#Slezsko $#Silesia $74052678-1 $8--Tg1--Schlesien $x02 $9085146781 247C/01 $82080>Marburg/Lahn, Herder-Institut, Forschungsbibliothek, Bibliographieportal $9336309341 lok: 33311794 204 exp: 33311794 204 1 #EPN 201B/01 $012-09-17 $t07:36:38.000 201C/01 $003-07-17 201U/01 $0utf8 203@/01 $01003004814 208@/01 $a12-09-17 $bzUB 209A/01 $a000 ND 7480 S795 $du $f000 $x00 209G/01 $a62262273 $x00 245S/01 $a10200 $x01 247C/01 $8631000-x <26>Gießen, Universität Gießen, Universitätsbibliothek Gießen $9102596697
| LEADER | 00000cam a2200000 c 4500 | ||
|---|---|---|---|
| 001 | 333117948 | ||
| 003 | DE-603 | ||
| 005 | 20250510181149.0 | ||
| 007 | tu | ||
| 008 | 131101s2012 xx |||| | u00||u|pol c | ||
| 020 | |a 8362843845 | ||
| 020 | |a 9788362843848 | ||
| 035 | |a (DE-599)BVBBV040486064 | ||
| 035 | |a (DE-604)BV040486064 | ||
| 035 | |a (OCoLC)871801482 | ||
| 040 | |a DE-603 |b ger |c DE-603 |d DE-603 | ||
| 041 | |a pol | ||
| 082 | 0 | 4 | |8 1\u |a 306.09438 |q DE-101 |2 23/BSB |
| 084 | |a NK 2465 |0 (DE-625)125895: |0 (DE-603)410888532 |2 rvk | ||
| 084 | |a NW 7100 |0 (DE-625)132292: |0 (DE-603)410952796 |2 rvk | ||
| 084 | |a ND 7480 |0 (DE-625)125132: |0 (DE-603)410858552 |2 rvk | ||
| 085 | |8 1\u |b 306.09 | ||
| 085 | |8 1\u |z 2 |s 438 | ||
| 100 | 1 | |a Gawlik, Stanisław |0 (DE-603)138671389 | |
| 245 | 0 | 0 | |a Starowieyscy herbu Biberstein |b (monografia rodziny) |c Stanisław Gawlik |
| 264 | 1 | |a [Krosno] |b Krośnieńska Oficyna Wydawnicza |c [2012] | |
| 300 | |a 373, [6] S. |b Ill., graph. Darst. | ||
| 504 | |a Literaturverz. S. 351 - 357 | ||
| 600 | 3 | 7 | |a Starowieyski |c Familie |0 (DE-588)1060472740 |0 (DE-603)349371202 |2 gnd |
| 648 | 7 | |a Geschichte |2 gnd | |
| 650 | 7 | |a Adel |0 (DE-588)4000464-8 |0 (DE-603)084991682 |2 gnd | |
| 651 | 7 | |a Polen |0 (DE-588)4046496-9 |0 (DE-603)085129801 |2 gnd | |
| 856 | 4 | 2 | |m V:DE-603;B:DE-Mb50 |q application/pdf |u http://scans.hebis.de/HEBCGI/show.pl?33311794_toc.pdf |3 Inhaltsverzeichnis |
| 924 | 0 | |9 Mb 50 |a (DE-603)722465939 |b DE-Mb50 |c HES |d c |g 13.10732 | |
| 924 | 0 | |9 2080 |a (DE-603)1322477388 |b DE-2080 |c HES |d d |g / | |
| 924 | 0 | |9 26 |a (DE-603)1003004814 |b DE-26 |c HES |d c |g 000 ND 7480 S795 | |


